Loading...

Accounting theory and standards

Bibliographic Details
Main Author: P.mohana rao
Format: Printed Book
Published: New delhi Deep and deep publications 2006
Subjects:
LEADER 00548nam a22001577a 4500
020 |a 81-7629-816-6 
082 |a 657  |b RAO/A 
100 |a P.mohana rao  |9 169447 
245 |a  Accounting theory and standards 
260 |a New delhi  |b Deep and deep publications  |c 2006 
300 |a ix+313p. 
650 |a Accounting  |9 176325 
650 |a Accounting--Standards  |9 176326 
942 |c BK 
999 |c 190654  |d 190650 
952 |0 0  |1 0  |4 0  |6 657_000000000000000_RAO_A  |7 0  |8 NFIC  |9 191273  |a SMBS  |b SMBS  |c GEN  |d 2015-08-11  |g 640.00  |l 0  |o 657 RAO/A  |p SMBSR1902  |r 2015-08-11  |w 2015-08-11  |y REF